LEADER 00906nam a2200217 i 4500 001 000000223907 003 CaOOAMICUS 005 20240902121800.0 008 131022s1820 it u000 u ita u 013 $a202805 026 $ar-no o.ro inr- fasi (7) 1820 (A) 040 $aSeMil$bita 245 10$aTom. 2. 300 $a280 p. 773 0 $aKant, Immanuel <1724-1804>$tCritica della ragione pura di Manuele Kant traduzione dal tedesco. Tom 1. [-8.].$dPavia : presso i Collettori : coi tipi di Pietro Bizzoni successore di Bolzani, 1820-1822 (Pavia : Germano Giuseppe, Rolla Luigi, Sacchi Defendente Collettori)$kCollezione dei classici metafisici$g2$w()4643 850 $aSeMil 852 $aSeMil$W1$xVenegono$y1$m2R I 95 FA$j174253$B174253$CSeMilBibl$Z2$F184417 $8I 941 1 $a10 961 $aRecupero: Mantegazza 996 $6245$aTom. 2$9(OLS)http://semarc/title/68565 LEADER 01051nam a2200277 i 4500 001 000000038543 003 CaOOAMICUS 005 20240403155652.0 008 140924s1990 it u000 u ita u 013 $a9135 020 $a88-420-3548-3 040 $aSeMil$bita 100 1 $aGrazzini, Giovanni <1925->.$0(OLS)http://semarc/name/7384 245 10$aCinema '89 /$cGiovanni Grazzini. 260 $aRoma ; Bari :$bLaterza,$ccopyr. 1990. 300 $aXIV, 328 p. ;$c21 cm. 490 0 $aBiblioteca Universale Laterza ;$v305 650 4$aCinema - 1980-1990.$0(OLS)http://semarc/subject/55398 830 0$aBiblioteca universale Laterza ;$v305.$0(OLS)http://semarc/title/6930 850 $aSeMil 852 $aSeMil$W1$xVenegono$y1$m3M I 155$j4698$B4698$CSeMilBibl$Z2$F4698 $81 961 $aAcquisto: Distributore 996 $6020$a88-420-3548-3$9(OLS)http://semarc/number/7859 996 $6245$aCinema '89$9(OLS)http://semarc/title/54436 996 $6260$aRoma ; Bari :$bLaterza$9(OLS)http://semarc/publisher/30305